[Event "Chigorin Memorial 07th"]
[Site "St Petersburg"]
[Date "1999.11.07"]
[Round "6"]
[White "Medvedkov, Anton"]
[Black "Chupin, Vitalij"]
[Result "0-1"]
[WhiteElo "2188"]
[BlackElo "2216"]
[PlyCount "66"]
[EventDate "1999.11.02"]
[EventType "swiss"]
[EventRounds "9"]
[EventCountry "RUS"]
[SourceTitle "CBM 074"]
[Source "ChessBase"]
[SourceDate "2000.02.01"]
[SourceVersion "1"]
[SourceVersionDate "2000.02.01"]
[SourceQuality "1"]

1. e4 c5 2. c3 g6 3. d4 cxd4 4. cxd4 d5 5. exd5 Nf6 6. Nc3 Bg7 7. Qb3 Nbd7 8. Be2 0-0 9. Bf3 Nb6 10. Nge2 Bg4 11. Bxg4 Nxg4 12. 0-0 Qd7 13. Bf4 Rfd8 14. d6 exd6 15. Rac1 d5 16. h3 Nf6 17. a4 Ne4 18. Rfd1 Rac8 19. Nb5 a6 20. Rxc8 Nxc8 21. Nc7 Qc6 22. Rc1 Qb6 23. Qxb6 Nxb6 24. b3 g5 25. Bh2 Nd2 26. Rc2 Nxb3 27. Rb2 Nxd4 28. Rxb6 Nxe2+ 29. Kf1 Nc3 30. Rxb7 d4 31. Rb2 d3 32. Ke1 Ne4 33. Ra2 d2+ 0-1

[Event "Chigorin Memorial 07th"]
[Site "St Petersburg"]
[Date "1999.11.05"]
[Round "4"]
[White "Medvedkov, Anton"]
[Black "Stjazhkina, Olga"]
[Result "0-1"]
[WhiteElo "2188"]
[BlackElo "2343"]
[PlyCount "131"]
[EventDate "1999.11.02"]
[EventType "swiss"]
[EventRounds "9"]
[EventCountry "RUS"]
[SourceTitle "CBM 074"]
[Source "ChessBase"]
[SourceDate "2000.02.01"]
[SourceVersion "1"]
[SourceVersionDate "2000.02.01"]
[SourceQuality "1"]

1. e4 e5 2. Nf3 Nc6 3. d4 exd4 4. Nxd4 Bc5 5. Nxc6 Qf6 6. Qd2 dxc6 7. Nc3 Be6 8. Na4 Rd8 9. Bd3 Bd4 10. 0-0 a6 11. Qa5 b6 12. Qxa6 Bc8 13. Qa7 b5 14. Nc5 Qe5 15. Be3 Bxe3 16. fxe3 Nf6 17. Nb7 Ng4 18. Rf4 Nxe3 19. Qxe3 Bxb7 20. Raf1 0-0 21. c3 Bc8 22. a3 Be6 23. Be2 Rd6 24. h4 Rfd8 25. Bg4 Bc4 26. Be2 Be6 27. Bg4 Rd3 28. Qe1 Bc4 29. Rf5 Qe7 30. e5 Rd2 31. R5f2 Rxf2 32. Rxf2 Qxh4 33. Bf3 Qh6 34. Qe4 Qg5 35. Qxc6 Qxe5 36. g4 Qg3+ 37. Rg2 Qe1+ 38. Kh2 Re8 39. Rg1 Qe5+ 40. Kg2 h6 41. Rd1 Qe3 42. Rd4 Qe1 43. Be4 Bf1+ 44. Kf3 Qe2+ 45. Kg3 Qe3+ 46. Kh2 Qf2+ 47. Kh1 Bg2+ 48. Bxg2 Re1+ 49. Kh2 Qh4+ 50. Bh3 Re2+ 51. Qg2 Rxg2+ 52. Kxg2 h5 53. gxh5 Qxh5 54. Bg4 Qg5 55. Kf3 f5 56. Bh3 Qf6 57. Bf1 c6 58. Rb4 g5 59. c4 bxc4 60. Bxc4+ Kg7 61. a4 g4+ 62. Kg2 f4 63. Rb7+ Kh6 64. a5 f3+ 65. Kg3 Kg5 66. b3 0-1

[Event "St Petersburg White Nights op"]
[Site "St Petersburg"]
[Date "1998.06.27"]
[Round "8"]
[White "Medvedkov, Anton"]
[Black "Kostyuchenko, Vladimir"]
[Result "1-0"]
[WhiteElo "2200"]
[BlackElo "2300"]
[PlyCount "79"]
[EventDate "1998.06.??"]
[EventType "swiss"]
[EventRounds "9"]
[EventCountry "RUS"]
[SourceTitle "EXT 1999"]
[Source "ChessBase"]
[SourceDate "1998.11.16"]
[SourceVersion "1"]
[SourceVersionDate "1998.11.16"]
[SourceQuality "1"]

1. e4 c5 2. c3 Nf6 3. e5 Nd5 4. d4 cxd4 5. Nf3 Nc6 6. cxd4 d6 7. Bc4 Nb6 8. Bb3 dxe5 9. d5 Na5 10. Nc3 Nxb3 11. Qxb3 f6 12. 0-0 g6 13. Be3 Kf7 14. Rad1 Kg7 15. Ne4 h5 16. Nc5 Kh7 17. a4 Bh6 18. Ne6 Qd7 19. Bxh6 Kxh6 20. a5 Na4 21. Qe3+ Kh7 22. Nxe5 fxe5 23. Qxe5 Rg8 24. b3 b6 25. bxa4 bxa5 26. Rfe1 Qxa4 27. Ng5+ Kh6 28. Qxe7 Rg7 29. Qe3 Rg8 30. d6 Bg4 31. f3 Bf5 32. Ra1 Qb4 33. Nf7+ Kg7 34. Qe5+ Kh7 35. Ng5+ Kh6 36. Nf7+ Kh7 37. Qxa5 Qd4+ 38. Kh1 Kg7 39. Ng5 Rgc8 40. Qxf5 1-0

[Event "St Petersburg White Nights op"]
[Site "St Petersburg"]
[Date "1998.06.21"]
[Round "2"]
[White "Medvedkov, Anton"]
[Black "Monin, Nikolay"]
[Result "1/2-1/2"]
[WhiteElo "2200"]
[BlackElo "2400"]
[PlyCount "88"]
[EventDate "1998.06.??"]
[EventType "swiss"]
[EventRounds "9"]
[EventCountry "RUS"]
[SourceTitle "EXT 1999"]
[Source "ChessBase"]
[SourceDate "1998.11.16"]
[SourceVersion "1"]
[SourceVersionDate "1998.11.16"]
[SourceQuality "1"]

1. e4 e6 2. d4 d5 3. exd5 exd5 4. Nf3 Nc6 5. Bb5 Bd6 6. Bxc6+ bxc6 7. 0-0 Ne7 8. Bg5 f6 9. Bh4 Nf5 10. Nbd2 0-0 11. c3 Re8 12. Bg3 Nxg3 13. hxg3 Bg4 14. Re1 Rxe1+ 15. Qxe1 Qb8 16. b4 a5 17. a3 Qb5 18. Nb3 axb4 19. axb4 Rb8 20. Qf1 Re8 21. Na5 Bf5 22. Re1 Qxf1+ 23. Kxf1 Bd3+ 24. Kg1 Rxe1+ 25. Nxe1 Bb5 26. Nb7 Be7 27. f3 h5 28. Kf2 Kf7 29. Nc2 g6 30. Nc5 Bf8 31. Na3 Ke7 32. Nxb5 cxb5 33. f4 Kf7 34. Nd3 Ke6 35. Kf3 Kf5 36. Nf2 g5 37. Nd1 g4+ 38. Ke3 Bd6 39. Kd3 c6 40. Ne3+ Kg6 41. Ke2 Bb8 42. Kf2 Bc7 43. Ke2 Bb8 44. Kf2 Bc7 1/2-1/2

[Event "RUS-Cup02"]
[Site "Moscow"]
[Date "1998.??.??"]
[Round "3"]
[White "Medvedkov, Anton"]
[Black "Ageichenko, Genadi A"]
[Result "1-0"]
[WhiteElo "2200"]
[BlackElo "2360"]
[PlyCount "38"]
[EventDate "1998.01.21"]
[EventType "swiss"]
[EventRounds "9"]
[EventCountry "RUS"]
[SourceTitle "EXT 1999"]
[Source "ChessBase"]
[SourceDate "1998.11.16"]
[SourceVersion "1"]
[SourceVersionDate "1998.11.16"]
[SourceQuality "1"]

1. e4 c5 2. c3 d5 3. exd5 Qxd5 4. d4 Nc6 5. Be3 cxd4 6. cxd4 e5 7. Nc3 Bb4 8. Nf3 exd4 9. Nxd4 Nge7 10. Qd2 Bxc3 11. Qxc3 0-0 12. Bc4 Qxg2 13. 0-0-0 Nd5 14. Bxd5 Qxd5 15. Rhg1 Ne5 16. Nf3 Qxf3 17. Qxe5 Bg4 18. Rd5 f6 19. Qd4 Bf5 1-0

[Event "RUS-Cup02"]
[Site "Moscow"]
[Date "1998.??.??"]
[Round "7"]
[White "Medvedkov, Anton"]
[Black "Liberzon, Roman"]
[Result "1-0"]
[WhiteElo "2200"]
[BlackElo "2120"]
[PlyCount "85"]
[EventDate "1998.01.21"]
[EventType "swiss"]
[EventRounds "9"]
[EventCountry "RUS"]
[SourceTitle "EXT 1999"]
[Source "ChessBase"]
[SourceDate "1998.11.16"]
[SourceVersion "1"]
[SourceVersionDate "1998.11.16"]
[SourceQuality "1"]

1. e4 e5 2. Nf3 Nc6 3. Nc3 Nf6 4. d4 exd4 5. Nxd4 d6 6. Bc4 Be7 7. 0-0 0-0 8. f4 Bg4 9. Nf3 Nd7 10. Nd5 Nb6 11. Nxb6 axb6 12. Be3 Bf6 13. c3 Re8 14. Qc2 Qe7 15. Nd2 Be6 16. Bd3 g6 17. Kh1 Bg7 18. Bg1 Bd7 19. a3 Qf8 20. Rae1 f5 21. h3 Re7 22. exf5 Bxf5 23. Bxf5 Qxf5 24. Qxf5 gxf5 25. Rxe7 Nxe7 26. Re1 Kf7 27. Nf3 Bf6 28. Bd4 Nd5 29. g3 Be7 30. c4 c5 31. cxd5 cxd4 32. Nxd4 Bf6 33. Nxf5 Bxb2 34. Nxd6+ Kf8 35. Nc4 Bd4 36. Rd1 Bc5 37. Rb1 Ke8 38. Kg2 Ra4 39. Nxb6 Rxa3 40. Nc4 Rc3 41. Ne5 b6 42. d6 h5 43. d7+ 1-0

[Event "Pardubice Czech op"]
[Site "Pardubice"]
[Date "1998.??.??"]
[Round "6"]
[White "Medvedkov, Anton"]
[Black "Mariano, Elia"]
[Result "0-1"]
[WhiteElo "2200"]
[BlackElo "2250"]
[PlyCount "54"]
[EventDate "1998.07.??"]
[EventType "swiss"]
[EventRounds "9"]
[EventCountry "CZE"]
[SourceTitle "EXT 2000"]
[Source "ChessBase"]
[SourceDate "1999.11.16"]
[SourceVersion "1"]
[SourceVersionDate "1999.11.16"]
[SourceQuality "1"]

1. e4 d5 2. exd5 Qxd5 3. Nc3 Qa5 4. d4 Nf6 5. Nf3 Bg4 6. Be2 e6 7. 0-0 Nbd7 8. Bd2 c6 9. h3 Bf5 10. Bc4 Qc7 11. Re1 Bd6 12. Nh4 Bg6 13. Nxg6 hxg6 14. a3 0-0 15. Ba2 Rfd8 16. Bg5 Bf4 17. Bxf4 Qxf4 18. Qe2 Nf8 19. Rad1 Rxd4 20. Rxd4 Qxd4 21. Rd1 Qb6 22. Na4 Qa5 23. Nc3 Rd8 24. Rxd8 Qxd8 25. b4 Qd4 26. Qc4 Qd2 27. Na4 b5 0-1

[Event "Pardubice Czech op"]
[Site "Pardubice"]
[Date "1998.??.??"]
[Round "4"]
[White "Medvedkov, Anton"]
[Black "Woerdemann, Martin"]
[Result "1/2-1/2"]
[WhiteElo "2200"]
[BlackElo "2295"]
[PlyCount "33"]
[EventDate "1998.07.??"]
[EventType "swiss"]
[EventRounds "9"]
[EventCountry "CZE"]
[SourceTitle "EXT 2000"]
[Source "ChessBase"]
[SourceDate "1999.11.16"]
[SourceVersion "1"]
[SourceVersionDate "1999.11.16"]
[SourceQuality "1"]

1. e4 d5 2. exd5 Qxd5 3. Nc3 Qa5 4. d4 c6 5. Nf3 Nf6 6. Bc4 Bf5 7. 0-0 e6 8. Bd2 Bb4 9. a3 Bxc3 10. Bxc3 Qc7 11. Bd2 Nbd7 12. Qc1 0-0 13. Ba2 Bg4 14. Bf4 Qb6 15. Be3 Bxf3 16. gxf3 Qa5 17. Kh1 1/2-1/2

[Event "Moscow Kasparov Cup"]
[Site "Moscow"]
[Date "1998.??.??"]
[Round "1"]
[White "Potkin, Vladimir"]
[Black "Medvedkov, Anton"]
[Result "1/2-1/2"]
[WhiteElo "2295"]
[BlackElo "2200"]
[PlyCount "23"]
[EventDate "1998.??.??"]
[EventType "swiss"]
[EventRounds "9"]
[EventCountry "RUS"]
[SourceTitle "EXT 2000"]
[Source "ChessBase"]
[SourceDate "1999.11.16"]
[SourceVersion "1"]
[SourceVersionDate "1999.11.16"]
[SourceQuality "1"]

1. d4 d5 2. c4 c6 3. Nf3 Nf6 4. cxd5 cxd5 5. Bf4 e6 6. e3 Bd6 7. Bxd6 Qxd6 8. Bd3 0-0 9. 0-0 Nc6 10. Nc3 Bd7 11. Rc1 Rfc8 12. Qe2 1/2-1/2

[Event "Heart of Finland op 07th"]
[Site "Jyvaskyla"]
[Date "1997.??.??"]
[Round "4"]
[White "Lehtinen, Heikki"]
[Black "Medvedkov, Anton"]
[Result "1-0"]
[WhiteElo "2205"]
[BlackElo "2300"]
[PlyCount "71"]
[EventDate "1997.07.??"]
[EventType "swiss"]
[EventRounds "9"]
[EventCountry "FIN"]
[SourceTitle "EXT 1999"]
[Source "ChessBase"]
[SourceDate "1998.11.16"]
[SourceVersion "1"]
[SourceVersionDate "1998.11.16"]
[SourceQuality "1"]

1. e4 e5 2. Nf3 Nf6 3. Qe2 Nc6 4. c3 Be7 5. g3 0-0 6. Bg2 d6 7. 0-0 h6 8. d4 Nh7 9. Rd1 Bg5 10. Nxg5 Nxg5 11. f4 exf4 12. gxf4 Nh3+ 13. Kh1 Bg4 14. Bf3 Qh4 15. Be3 h5 16. Rf1 Ne7 17. Bf2 Nxf2+ 18. Rxf2 Rae8 19. Nd2 d5 20. Rg1 dxe4 21. Bxg4 hxg4 22. Rxg4 Qh6 23. Rfg2 g6 24. Qxe4 Qh5 25. Qd3 Nf5 26. Ne4 Re6 27. d5 Rd8 28. dxe6 Rxd3 29. Nf6+ Kf8 30. Nxh5 gxh5 31. Rg8+ Ke7 32. exf7 Kxf7 33. R8g5 Nh4 34. Rg1 Nf3 35. R5g3 h4 36. Rh3 1-0

[Event "Moscow Petrosian Memorial U18"]
[Site "Moscow"]
[Date "1997.??.??"]
[Round "?"]
[White "Osadchenko, Andrei"]
[Black "Medvedkov, Anton"]
[Result "1-0"]
[WhiteElo "2230"]
[BlackElo "2300"]
[PlyCount "103"]
[EventDate "1997.??.??"]
[EventType "swiss"]
[EventRounds "9"]
[EventCountry "RUS"]
[SourceTitle "EXT 1999"]
[Source "ChessBase"]
[SourceDate "1998.11.16"]
[SourceVersion "1"]
[SourceVersionDate "1998.11.16"]
[SourceQuality "1"]

1. e4 e5 2. f4 exf4 3. Bc4 Nf6 4. Nc3 Bb4 5. e5 Bxc3 6. dxc3 d5 7. exf6 dxc4 8. Qxd8+ Kxd8 9. fxg7 Rg8 10. Bxf4 Rxg7 11. 0-0-0+ Ke7 12. g3 Na6 13. Nf3 Be6 14. Rhe1 Rgg8 15. Rd4 b5 16. Ne5 Kf6 17. Nc6 Nb8 18. Be5+ Kg5 19. Nxb8 Raxb8 20. Bxc7 Rbc8 21. Bd6 Rge8 22. Re5+ Kg6 23. Rxb5 Bd7 24. Re5 Rxe5 25. Bxe5 Re8 26. Rxd7 Rxe5 27. Kd2 Rh5 28. h4 Ra5 29. a3 h5 30. Rc7 Rb5 31. Kc1 Rf5 32. Rxc4 Rf1+ 33. Kd2 Rf2+ 34. Ke3 Rxc2 35. b3 Rg2 36. Kf3 Ra2 37. a4 a5 38. Rc5 Rb2 39. Rb5 Rc2 40. c4 Rc3+ 41. Kg2 f6 42. Kf2 Rc2+ 43. Kf3 Rc3+ 44. Kf4 Kf7 45. Rxh5 Rxb3 46. Rxa5 Rb4 47. Kf5 Rxc4 48. Ra7+ Kg8 49. g4 Rd4 50. h5 Rc4 51. h6 Rd4 52. a5 1-0

[Event "St Petersburg White Nights op"]
[Site "St Petersburg"]
[Date "1997.??.??"]
[Round "?"]
[White "Vager, Boris"]
[Black "Medvedkov, Anton"]
[Result "1/2-1/2"]
[WhiteElo "2270"]
[BlackElo "2300"]
[PlyCount "55"]
[EventDate "1997.??.??"]
[EventType "swiss"]
[EventRounds "9"]
[EventCountry "RUS"]
[SourceTitle "EXT 2000"]
[Source "ChessBase"]
[SourceDate "1999.11.16"]
[SourceVersion "1"]
[SourceVersionDate "1999.11.16"]
[SourceQuality "1"]

1. d4 Nf6 2. Nf3 b6 3. Bf4 Bb7 4. e3 g6 5. Nbd2 Bg7 6. Bd3 0-0 7. 0-0 d6 8. h3 Nbd7 9. Qe2 e6 10. c3 Qe7 11. e4 e5 12. dxe5 dxe5 13. Bh2 Nh5 14. Rfe1 Bh6 15. Rad1 Bf4 16. Bc4 Kg7 17. Bxf4 Nxf4 18. Qe3 f6 19. Kh2 Rad8 20. g3 Ne6 21. b4 Nb8 22. Nf1 Ba6 23. Bxa6 Nxa6 24. Qe2 Nb8 25. Ne3 c6 26. Rxd8 Rxd8 27. Rd1 b5 28. Rxd8 1/2-1/2